000 01635cam a22004934i 4500
003 PE-LiUPU
005 20250731173100.0
008 150623s r 000 0 d
020 _a1841272108
035 _a(Sirsi) i9781841272108
040 _aPE-LiUPU
_bspa
_cPE-LiUPU
_erda
049 _aPRUA
082 0 4 _a226
_bR54
_221
100 1 _aRiches, John,
_eautor.
245 1 4 _aThe synoptic Gospels :
_bwith and introduction by Scot McKnight /
_cJohn Riches.
264 1 _aSheffield, England :
_bSheffield Academic Press,
_c2001.
300 _a359 páginas ;
_c23 centímetros
336 _atext
_2rdacontent
337 _aunmediated
_2rdamedia
338 _avolume
_2rdacarrier
504 _aBibliografía al final de cada capítulo.
505 0 _aMatthew. -Mark. -Luke.
526 _aSEG42
526 _aSEG41
526 _aSEG40
526 _aSEG39
526 _aP94
526 _aP87
526 _aP86
526 _aP85
526 _aP77
526 _aP76
526 _aP35
630 _aBiblia.
_pN.T.
_pLucas
_xComentarios.
630 _aBiblia.
_pN.T.
_pMarcos
_xComentarios.
630 _aBiblia.
_pN.T.
_pMateo
_xComentarios.
700 1 _aTelford, William R. and Tuckett, Chritopher M.
942 _2ddc
_cBOOK
949 _a226 R54
_wDEWEY
_c1
_i48844
_lCCODEBUL1
_mBUL
_r0
_sY
_tBOOK
_u2015-6-24
_xTEOLOGIA
_PP35
_0COMPRA
_o.STAFF. Colección General
994 _aC0
_bPEPRU
596 _a1
999 _a226 R54
_wDEWEY
_c28005
_i48844
_f2021-11-9
_g5
_lCCODEBUL1
_mBUL
_r0
_sY
_tBOOK
_u2015-6-24
_xTEOLOGIA
_PP35
_0COMPRA
_o.STAFF. Colección General
_d28005
980 _81
_gALBERTO SANCHEZ Responsable de Automatización